000 00884nam a2200241Ia 4500
003 OSt
005 20220926034835.0
006 a|||||r|||| 00| 0
007 ta
008 220923b |||||||| |||| 00| 0 eng d
020 _a9780313348181
_c1823.6300000000001
037 _b62, 02/12/2009, Indu Book Services
_cGeneral Book
040 _aRTL
_cRTL
_beng
041 _2eng
_aeng
082 _aV5:1973.P, P8
100 _aDell'orto Giovanna
_9341268
245 0 _aHidden power of the American dream
_b Why Europe's shaken confidence in the United States threatens the future of US influence.
260 _aWestport
_bPreger Security International
_c2008
300 _ax, 219p Bibliography: P 209-216
_ccm.
650 _aSociology
942 _hV5:1973.P, P8
_cGB
_2CC
999 _c660515
_d660515